000 00701nam a2200253Ia 4500
003 OSt
005 20220918182131.0
006 a|||||r|||| 00| 0
007 ta
008 220917b |||||||| |||| 00| 0 eng d
024 _a30,896
037 _cTextual
040 _aARTS
_cARTS
_beng
041 _2eng
_aeng
082 _aO111,3M621w, L0
100 _aO'Connor Richard
_959794
245 0 _aO'Henry
_b the legendary life of William S Porter
260 _aNew York
_bDoubleday USA
_c1970
300 _ax,252p. illus
_ccm.
500 _aBib 245-46p
650 _aENGLISH LITERATURE
942 _hO111,3M621w, L0
_cTEXL
_2CC
999 _c167990
_d167990